People from Glasgow - Statistics

General Stats
  • This quiz has been taken 93 times
  • The average score is 8 of 16
Answer Stats
Picture Answer % Correct
Alex Ferguson
85%
Billy Connolly
77%
David Tennant
70%
Peter Capaldi
69%
Niall Ferguson
58%
James McAvoy
56%
Kenny Dalglish
53%
Lulu
53%
Angus Young
46%
Robert Carlyle
43%
Mark Knopfler
38%
John Paul Young
37%
Midge Ure
33%
Kelly Macdonald
27%
Jimmy Sommerville
23%
Jimmy Barnes
2%
No matching quizzes found
Score Distribution
Percent of People with Each Score
Percentile by Number Answered
Your Score History
You have not taken this quiz